Laws relating to intellectual property and cyber laws in Malaysia.
| Published: |
Kuala Lumpur:
MDC Publishers,
2002.
|
|---|---|
| Subjects: |
| LEADER | 00496cam a2200145 7i4500 | ||
|---|---|---|---|
| 001 | 0000035168 | ||
| 005 | 20061112090000.0 | ||
| 020 | # | 0 | |a 9677008633 |
| 090 | 0 | 0 | |a KF 2979 |b L3 |
| 245 | 0 | 0 | |a Laws relating to intellectual property and cyber laws in Malaysia. |
| 260 | # | # | |a Kuala Lumpur: |b MDC Publishers, |c 2002. |
| 300 | # | # | |a 866 p.: |b ill.; |c 27 cm.. |
| 650 | 0 | 0 | |a Intellectual property -- |x Laws and legislation |
| 650 | 0 | 0 | |a Intellectual property -- |z Malaysia |
| 999 | |a 1100027093 |b Book |c Open Shelf |e KOLEKSI TERBUKA | ||


